Occupational surnames - Statistics

General Stats
  • This quiz has been taken 1,858 times
  • The average score is 15 of 25
Answer Stats
Hint Answer % Correct
Someone who turns metal into useful objects in his forge Smith
90%
Someone who makes cakes, bread and related products. Baker
89%
Someone who chops up and sells meat. Butcher
85%
Someone who cuts and shaves hair and beards. Barber
84%
Someone who makes pots. Potter
82%
Someone who makes beer. Brewer / Brewster
77%
Someone who plays music on a pipe. Piper
76%
Someone who grinds corn into flour. Miller
75%
Someone who changes the colour of cloth. Dyer
71%
Someone who hunts animals. Hunter
68%
Someone who treats animal skins to produce leather. Tanner
68%
Someone who removes skins from animals. Skinner
59%
Someone who makes saddles Saddler/Sadler
57%
Someone who puts bundles of reeds on top of a house to make a roof. Thatcher
57%
Someone who makes gloves. Glover
55%
Someone who carves stone. Mason
54%
Someone who makes cloth on a loom. Weaver
53%
Someone who makes barrels. Cooper
52%
Someone who makes arrows. Fletcher
52%
Someone who covers buildings with slate to make a roof. Slater
51%
Someone who makes candles. Chandler
37%
Someone who makes bows for archery. Bowyer
27%
Someone who puts shoes on horses. Farrier
26%
Someone who makes carts. Wainwright / Cartwright
21%
Someone who trades in fine cloths. Mercer
2%
No matching quizzes found
Score Distribution
Percent of People with Each Score
Percentile by Number Answered
Your Score History
You have not taken this quiz